| 000 | 00462nam a2200157Ia 4500 | ||
|---|---|---|---|
| 008 | 220216s9999 xx 000 0 und d | ||
| 100 | _aPushparajah E | ||
| 245 | 0 | _aFactors influencing leaf nutrient levels in rubber | |
| 260 | _bProceedings of the RRIM Planters Conference, Kuala Lumpur, 1972; p140-153 | ||
| 650 | _aFertiliser application | ||
| 650 | _aLeaf nutrient level | ||
| 650 | _aRubber | ||
| 650 | _aSampling | ||
| 700 | _aTeng T K | ||
| 942 | _cJS | ||
| 999 |
_c59252 _d59252 |
||